00969pab a2200193 454500008004000000100001700040245009200057260000900149300001600158362001300174520031800187650003900505650004500544650002000589773003400609909001000643999001700653952010500670180718b2002 xxu||||| |||| 00| 0 eng d aGeorge, Alex aQuality of reproductive care in private hospitals in Andhra Pradesh: Women's perception c2002 ap.1686-692. a27 April aAn exit survey conducted in private hospitals in Andhra Pradesh on the quality of reproductive care yielded valuable insights on women's perceptions of quality of care. The information so generated is a useful input in any attempt to institute standardisation of practices in medicare institutions. - Reproduced. aHospitals - India - Andhra Pradesh aHealth services - India - Andhra Pradesh aHealth services aEconomic and Political Weekly a52219 c52219d52219 00104070aIIPAbIIPAd2018-07-19hVolume no: 37, Issue no: 17pAR52649r2018-07-19w2018-07-19yAR